00243nam a2200085Ia 4500008004100000100002800041245005300069260002700122300000800149201217s9999 xx 000 0 und d aGalbraith, John Kenneth 2aA History of Economics : The Past As The Present aLondonbHmish Hamilton a324